01824nam a2200337   4500003000900000005001700009008004100026017001400067020001800081040004600099041000800145082002600153092000700179099003400186100006600220245042000286264006700706300003200773336002200805337002400827338003300851504005200884546004100936650006700977856005701044905000701101942001901108999001701127952017101144952017101315EG-GICUC20260121101647.0260105s2009    ua ||||fr|||| 00| 0 ara d  a200821917  a9789770317037  a EG-GICUCbarac EG-GICUCd EG-GICUCerda0 aara04221a345.7bع ب . ت04221  aLaw1 07 345.7 ع ب . ت	20090 aعبدالعزيز عبدالمنعم خليفهeمؤلف.10aتنفيذ العقد الإدارى وتسوية منازعاته :bقضاءاً وتحكيماً : سلطات الإدارة الإستثنائية فى تنفيذ تعاقداتها الإدارية، الإلتزامات التعاقدية للإدارة و المتعاقد معها، تسوية منازعات العقود الإدارية /cعبدالعزيز عبدالمنعم خليفه. 1aالأسكندرية :bمنشأه المعارف،c2009.  a383 صفحة ؛  c24 سم.  2rda contentatext  2rda mediaaComputer  2rda carrieraOnline Resource  aيحتوي على قائمة بالمراجع  aالنص باللغة العربية14aالعقود الإداريةxالقانون الاداري40uhttps://fll.law.cu.edu.eg/fulltext/bks/B07-02535.pdf  a75  2ddcn0cBKe21  c54518d54518  00102ddc40718القانون الإداريaCUbLAW1d2026-01-05l0oLaw1 07 345.7 ع ب . ت	2009 0702535	C1pB07-02535r2026-01-05 08:51:38t1w2026-01-05yBK  00102ddc40708القانون الإداريaCUbLAW1d2026-01-05l0oLaw1 07 345.7 ع ب . ت	2009 0702568	C2pB07-02568r2026-01-05 08:52:01t2w2026-01-05yBK